[Event "Sautron op 15th"]
[Site "Sautron"]
[Date "2015.10.24"]
[Round "8.1"]
[White "Duboue, Peio"]
[Black "Zubarev, Alexander2"]
[Result "0-1"]
[WhiteElo "2368"]
[BlackElo "2542"]
[Annotator "RR"]
[PlyCount "106"]
[EventDate "2015.10.24"]
[EventType "swiss"]
[EventRounds "9"]
[EventCountry "FRA"]
[SourceTitle "CBM 169 Extra"]
[Source "ChessBase"]
[SourceDate "2015.12.18"]
[SourceVersion "1"]
[SourceVersionDate "2015.12.18"]
[SourceQuality "1"]
[TimeControl "40/5400+30:1800+30"]
[WhiteClock "0:09:05"]
[BlackClock "0:10:52"]

1. e4 {[%emt 0:00:00]} d6 {[%emt 0:00:00]} 2. d4 {[%emt 0:00:00]} Nf6 {[%emt 0:
00:00]} 3. Nc3 {[%emt 0:00:02]} g6 {[%emt 0:00:00]} 4. f3 {[%emt 0:01:28]} c6 {
[%emt 0:00:34]} 5. a4 {[%emt 0:02:46]} Nbd7 {[%emt 0:00:49]} 6. Bc4 $6 {
[%emt 0:01:30] Après la poussée c6, le Bc4 est assez mal placé} (6. Be3 $142
Bg7 7. Qd2 O-O) 6... Bg7 {[%emt 0:05:27]} 7. Nge2 {[%emt 0:03:12]} O-O {
[%emt 0:01:01]} 8. Be3 {[%emt 0:00:25]} d5 $1 {[%emt 0:00:17]} (8... e5 9. Qd2)
9. Bb3 {[%emt 0:02:34]} dxe4 {[%emt 0:05:36]} 10. fxe4 {[%emt 0:01:38]} e5 {
[%emt 0:06:35]} 11. d5 {[%emt 0:05:20]} (11. h3 exd4 12. Bxd4 Qe7 13. Ng3 Nc5
14. Bxc5 Qxc5 15. Qd2 Qe5 16. Qf2 Be6 17. Bxe6 fxe6 18. O-O Nh5 {0-1 (18)
Airapetian,C (2180)-Burnett,R (2376) Stillwater 2007}) 11... Ng4 $1 {[%emt 0:
07:01][%csl Re1,Re3] Gagne un tempo important et le retard de développement
des Blancs devient critique} 12. Bg1 {[%emt 0:01:15]} Qh4+ {[%emt 0:05:13]} 13.
Ng3 {[%emt 0:00:27]} Ndf6 $32 {[%emt 0:01:58]} 14. Qf3 {[%emt 0:10:30][%cal
Ge1c1]} Bh6 $1 {[%emt 0:33:37][%csl Re1] Après une longue réflexion, les
Noirs empêchent le ooo des Blancs} 15. h3 {[%emt 0:11:21]} Bf4 $1 $40 {
[%emt 0:02:12]} 16. Nce2 {[%emt 0:01:31]} Nxe4 $1 {[%emt 0:09:25]} 17. hxg4 {
[%emt 0:00:13]} Bxg3+ {[%emt 0:00:17]} 18. Nxg3 {[%emt 0:00:04]} Qxg3+ {
[%emt 0:00:09]} 19. Qxg3 {[%emt 0:00:03]} Nxg3 {[%emt 0:00:07]} 20. Rh3 {
[%emt 0:00:04]} Ne4 {[%emt 0:00:35]} 21. dxc6 {[%emt 0:01:02]} bxc6 {[%emt 0:
00:19]} 22. Re3 {[%emt 0:00:52]} Nc5 {[%emt 0:01:15]} 23. Bc4 {[%emt 0:00:03]}
(23. Rxe5 Nxb3 24. cxb3 Bxg4) 23... Bxg4 {[%emt 0:03:53]} 24. Rg3 {[%emt 0:02:
10]} Be6 $1 {[%emt 0:00:06]} 25. Bxc5 {[%emt 0:00:05]} Bxc4 {[%emt 0:00:05]}
26. Bxf8 {[%emt 0:00:03]} Kxf8 {[%emt 0:00:15]} 27. Re3 {[%emt 0:01:16]} f6 {
[%emt 0:02:48]} 28. g4 {[%emt 0:02:44]} Be6 {[%emt 0:06:47]} 29. g5 {[%emt 0:
00:28]} fxg5 {[%emt 0:01:47]} 30. Rxe5 {[%emt 0:00:06]} Bf5 $13 {[%emt 0:00:06]
[%csl Gh7] La majorité Noire est trés forte mais tant qu'elle n'a pas
avancé, la qualité des Blancs doit donner assez de contre-jeu} 31. b4 {
[%emt 0:06:18]} (31. Rd1 Rb8) 31... h5 {[%emt 0:03:23]} 32. b5 {[%emt 0:03:54]}
g4 $15 {[%emt 0:01:45][%csl Gg4]} 33. bxc6 {[%emt 0:00:52]} (33. Kf2 h4 34. Rh1
h3 35. bxc6 Rc8 36. Rc5 Be4 37. Rh2 (37. Re1 $2 h2)) 33... Rc8 {[%emt 0:00:21]}
34. Rc5 {[%emt 0:01:05]} g3 {[%emt 0:01:02]} 35. Ke2 {[%emt 0:07:21]} Ke7 {
[%emt 0:00:48]} 36. Kf3 {[%emt 0:04:47]} h4 {[%emt 0:00:50]} 37. Rh1 {[%emt 0:
09:56]} Rh8 {[%emt 0:00:59]} 38. Ra5 {[%emt 0:00:10]} (38. Kf4 $2 g2) 38... Kd6
{[%emt 0:00:28]} 39. Rxa7 {[%emt 0:00:47]} Be6 {[%emt 0:00:28]} 40. Rd1+ {
[%emt 0:00:00]} Kc5 {[%emt 0:00:00]} 41. Ra5+ {[%emt 0:18:36] Le contrôle de
temps est passé et les Blancs ont réfléchi longtemps sur cette position
pour trouver un plan} Kb6 {[%emt 0:01:16] une jolie manoeuvre du K Noir qui
contourne le P"c6"} 42. Rg5 $2 {[%emt 0:00:08] joué à tempo mais les Blancs
ont oublié Bf5} Rf8+ {[%emt 0:05:44]} 43. Ke3 {[%emt 0:00:59]} Bf5 $19 {
[%emt 0:01:29][%csl Rg5] Enfermant la R} 44. a5+ {[%emt 0:09:58]} Kxc6 {
[%emt 0:02:44]} 45. c4 {[%emt 0:00:37]} Re8+ {[%emt 0:08:28]} 46. Kf3 {[%emt 0:
00:21]} Re5 {[%emt 0:02:52]} 47. Rxf5 {[%emt 0:11:01]} gxf5 {[%emt 0:00:24]}
48. a6 {[%emt 0:04:50]} Ra5 {[%emt 0:02:22]} 49. Rh1 {[%emt 0:00:38]} Ra3+ {
[%emt 0:00:39]} 50. Kg2 {[%emt 0:00:09]} Ra2+ {[%emt 0:00:19]} 51. Kh3 {
[%emt 0:00:31]} f4 {[%emt 0:00:10]} 52. a7 {[%emt 0:01:01]} Rxa7 {[%emt 0:00:
14]} 53. Rf1 {[%emt 0:00:14]} Rg7 {[%emt 0:00:39]} 0-1

[Event "Vandoeuvre op 11th"]
[Site "Vandoeuvre"]
[Date "2014.12.29"]
[Round "7"]
[White "Cornette, Matthieu"]
[Black "Di Nicolantonio, Lucas"]
[Result "1-0"]
[WhiteElo "2571"]
[BlackElo "2345"]
[Annotator "RR"]
[PlyCount "56"]
[EventDate "2014.12.26"]
[EventType "swiss"]
[EventRounds "9"]
[EventCountry "FRA"]
[SourceTitle "EXT 2017"]
[Source "ChessBase"]
[SourceDate "2016.10.25"]
[SourceVersion "1"]
[SourceVersionDate "2016.10.25"]
[SourceQuality "1"]

1. e4 {88} d6 2. d4 Nf6 3. Nc3 g6 4. h3 Bg7 5. Be3 O-O 6. Qd2 a6 {Une ligne
secondaire} (6... c6 7. Nf3 b5) 7. Bd3 b5 8. Nce2 $5 $146 {Ce plan pour
recycler le N à l'aile-roi parait très lent} (8. Bh6 e5 {Ptacnikova,L (2282)
-Shabanaj,E (2070) Khanty-Mansiysk ol (Women) 39th 2010 (7.34) 1-0}) 8... Bb7
9. Ng3 Nbd7 10. Nf3 c5 11. c3 {Illustrant l'intérêt de la nouveauté Nce2}
cxd4 12. cxd4 d5 13. e5 Ne4 14. Bxe4 dxe4 15. Ng5 Nb6 16. b3 Qd5 $1 17. Rc1
Rac8 18. O-O f6 $1 19. exf6 exf6 20. N5xe4 Nd7 (20... f5 {[%cal Gd5g2] Le coup
naturel pour attaquer indirectement la faiblesse "g2" mais les Blancs ont des
ressources tactiques} 21. Rc5 Rxc5 22. dxc5 Nd7 23. Rd1 Qxd2 24. Rxd2 Bc6 25.
Ng5 (25. Rd6) 25... f4 26. Rd6 $13) 21. f4 f5 22. Ng5 Nf6 23. Nf3 {[%csl Ge5]}
Rfd8 {[%csl Rd4]} 24. Rxc8 Rxc8 25. Rc1 Rxc1+ 26. Qxc1 h5 $1 27. Qc7 Qc6 28.
Qd8+ (28. Qxc6 {Semblait plus naturel} Bxc6 29. Ne5 {[%csl Gd4,Ge5]}) 28... Ne8
{suite illisible et gain Blanc au 37ème coup.} 1-0

[Event "Vandoeuvre op 11th"]
[Site "Vandoeuvre"]
[Date "2014.12.28"]
[Round "5"]
[White "Taddei, Benoit"]
[Black "Di Nicolantonio, Lucas"]
[Result "1/2-1/2"]
[WhiteElo "2340"]
[BlackElo "2345"]
[Annotator "RR"]
[PlyCount "44"]
[EventDate "2014.12.26"]
[EventType "swiss"]
[EventRounds "9"]
[EventCountry "FRA"]
[SourceTitle "EXT 2017"]
[Source "ChessBase"]
[SourceDate "2016.10.25"]
[SourceVersion "1"]
[SourceVersionDate "2016.10.25"]
[SourceQuality "1"]

1. e4 d6 2. d4 Nf6 3. Nc3 g6 4. Be3 a6 5. h3 Bg7 6. f4 O-O 7. Qf3 (7. Nf3 {
[%cal Ge4e5]}) 7... e5 8. dxe5 dxe5 9. f5 Nc6 10. g4 Nd4 $146 (10... h6 11. Bc4
b5 12. Bd5 {Kjartansson,D (2320)-Halldorsson,G (2282) ISL-ch Hafnarborg 2003 
(10) 1/2}) 11. Qf2 b5 $132 12. g5 b4 13. gxf6 Bxf6 14. O-O-O (14. Nd5 Bh4)
14... bxc3 15. bxc3 Qe7 16. cxd4 Qa3+ 17. Kd2 exd4 18. Bh6 Qc3+ 19. Kc1 Qa3+
20. Kd2 Qc3+ 21. Kc1 Qa3+ 22. Kd2 Qc3+ 1/2-1/2

[Event "Sautron op 13th"]
[Site "Sautron"]
[Date "2013.11.02"]
[Round "9"]
[White "Kasparov, Sergey"]
[Black "Lejarre, Ludovic"]
[Result "1/2-1/2"]
[WhiteElo "2480"]
[BlackElo "2371"]
[Annotator "RR"]
[PlyCount "100"]
[EventDate "2013.10.26"]
[EventType "swiss"]
[EventRounds "9"]
[EventCountry "FRA"]
[SourceTitle "EXT 2016"]
[Source "ChessBase"]
[SourceDate "2015.10.08"]
[SourceVersion "1"]
[SourceVersionDate "2015.10.08"]
[SourceQuality "1"]
[TimeControl "6000+1640"]
[WhiteClock "0:16:48"]
[BlackClock "0:14:34"]

1. d4 Nf6 2. Nf3 g6 3. g3 Bg7 4. Bg2 O-O 5. O-O d6 6. Re1 (6. c4 {Aurait
transposé dans une Est-Indienne}) 6... Nbd7 7. e4 e5 8. Nc3 c6 9. a4 (9. h3 b5
) 9... Qc7 10. h3 b6 11. Be3 a6 (11... Bb7 12. Qd2 Rfe8 13. Rad1 Rad8 14. Bh6
a6 15. Bxg7 Kxg7 16. Qe3 b5 17. dxe5 dxe5 18. axb5 axb5 19. b3 h6 20. Rd2 b4
21. Na4 c5 22. Nh2 c4 23. bxc4 Qxc4 24. Qb3 Rc8 25. Qxc4 Rxc4 26. Nb2 Rc3 27.
Nd3 Nc5 28. Nxc5 Rxc5 29. f3 Rec8 30. Rb1 Rxc2 31. Rxc2 Rxc2 32. Rxb4 Ba6 33.
Bf1 Rc1 34. Kg2 Rc2+ 35. Kg1 Rc1 {1/2-1/2 (35) Karpov,A (2619)-Tkachiev,V 
(2642) Moscow 2009}) (11... Re8) 12. Qd2 Bb7 {La position Noire est un peu
passive mais aussi trés solide} 13. Bh6 b5 (13... Rfe8 14. Bxg7 Kxg7 15. Rad1
$14) 14. Bxg7 Kxg7 15. Rad1 Rfe8 16. Nh4 {[%csl Gf5][%cal Gd2g5]} h6 (16... b4
17. Ne2 c5 18. d5 h6 19. c4) 17. f4 $146 (17. Kh2 Nf8 18. Ne2 Rad8 19. axb5
cxb5 20. Nc3 Rc8 21. Rc1 Qb6 22. dxe5 dxe5 23. Nd5 Qd6 24. Rcd1 Nxd5 25. exd5
Nd7 26. b3 b4 27. Re4 a5 28. Rg4 Kh7 29. Be4 Nf6 30. Rxg6 fxg6 31. Bxg6+ Kg8
32. Qxh6 Rc7 33. Nf5 Qc5 34. Rd2 Rf8 35. Qg5 Kh8 {1/2-1/2 (35) Fries Nielsen,J
(2444)-Gallagher,J (2540) Stockholm 2002}) 17... Rad8 18. Qf2 {Les Blancs ont
un bon avantage d'espace mais la position n'est pas facile à améliorer} exd4
$5 {Abandonne le centre mais profite du fait que les Blancs ont joué Qf2 au
coup précédent pour forcer l'échange des Q par Qb6} 19. Qxd4 Qb6 $11 20.
Qxb6 Nxb6 21. axb5 (21. a5 $5 Nc8 (21... Nc4 22. b3 Nxa5 23. Ra1) 22. g4 d5 23.
e5 Nd7 24. b4 $14 {[%csl Rb7]}) 21... axb5 22. e5 dxe5 23. fxe5 Nh5 24. Rxd8
Rxd8 25. e6 (25. Nxb5 cxb5 26. Bxb7 Nxg3 27. Kf2 Nh5 28. Nf3 $11) 25... Re8 (
25... fxe6 $6 26. Rxe6 {[%csl Rc6,Rg6]}) 26. Nxb5 cxb5 27. Bxb7 Rxe6 28. Rxe6
fxe6 29. Kf2 Nc4 30. b3 Nd6 31. Bc6 Kf6 32. Nf3 e5 {(=)} (32... b4 {[%csl Rc2]}
33. Ne1 {[%cal Ge1d3,Gd3b4]} Ke5 $1 34. Nd3+ Kd4 35. Nxb4 Kc3 $132 {[%cal
Gc3b4,Gc3c2]}) 33. Nd2 Ke6 34. Nb1 b4 35. c3 bxc3 36. Nxc3 Nf6 37. b4 (37. Ke3
Nf5+) 37... Nf5 38. b5 Nd4 {[%csl Gd4]} 39. Bg2 Nd7 {[%csl Gb6]} 40. h4 Nb6 41.
Be4 g5 42. hxg5 {Après cet échange, la nulle est quasi forcée} hxg5 43. Bd3
g4 44. Ne4 Kd5 45. Nf6+ Kc5 46. Ke3 Nxb5 47. Nxg4 Nd6 48. Nxe5 Nd5+ 49. Ke2 Nf6
50. Bg6 Kd5 1/2-1/2

[Event "Sautron op 13th"]
[Site "Sautron"]
[Date "2013.10.28"]
[Round "4"]
[White "Terrieux, Kevin"]
[Black "Le Roux, Jean Pierre"]
[Result "1/2-1/2"]
[WhiteElo "2415"]
[BlackElo "2571"]
[Annotator "RR"]
[PlyCount "61"]
[EventDate "2013.10.26"]
[EventType "swiss"]
[EventRounds "9"]
[EventCountry "FRA"]
[SourceTitle "EXT 2016"]
[Source "ChessBase"]
[SourceDate "2015.10.08"]
[SourceVersion "1"]
[SourceVersionDate "2015.10.08"]
[SourceQuality "1"]
[TimeControl "40/5400+30:1800+30"]
[WhiteClock "1:30:00"]
[BlackClock "1:30:00"]

1. d4 d6 {[%emt 0:00:22]} 2. e4 {[%emt 0:00:02]} Nf6 {[%emt 0:03:26]} 3. Nc3 {
[%emt 0:00:28]} g6 {[%emt 0:01:23]} 4. Be3 {[%emt 0:00:48]} a6 {[%emt 0:01:25]}
(4... Bg7) (4... c6) 5. h3 {[%emt 0:07:40]} (5. f3) (5. Qd2) 5... Bg7 {[%emt 0:
04:24]} 6. e5 $5 {[%emt 0:13:08] Une ligne secondaire} (6. Bd3 O-O 7. Qd2 Nc6
8. Nf3 e5 9. dxe5 Nxe5 10. Nxe5 dxe5 11. Bh6 Be6 12. O-O-O Nh5 13. g3 Bxh6 14.
Qxh6 Qf6 15. Qe3 Rad8 16. Be2 Ng7 17. f4 c6 18. Rdf1 exf4 19. gxf4 Qd4 20. Qg3
b5 21. f5 Bc4 22. Rd1 Qc5 23. Bxc4 Qxc4 24. Rxd8 Rxd8 25. Qc7 Rf8 26. a3 Qc5
27. Kb1 gxf5 28. exf5 Nxf5 29. Ne4 Qd4 30. Qf4 Re8 31. Qg5+ Kf8 32. Nf6 Re5 33.
Nxh7+ Ke8 34. Nf6+ Kf8 35. Rf1 c5 {Nepomniachtchi,I (2717)-Grischuk,A (2779)
Khanty-Mansiysk 2013 1-0}) (6. a4) (6. Nf3) (6. f4) 6... Nfd7 {[%emt 0:03:36]}
7. exd6 $146 {[%emt 0:02:09]} (7. f4 c5 8. Nf3 O-O 9. Bc4 cxd4 10. Bxd4 dxe5
11. fxe5 e6 12. O-O Nc6 13. Bb3 Nxd4 14. Qxd4 Nxe5 15. Qe4 Nxf3+ 16. Rxf3 Qd4+
17. Qxd4 Bxd4+ 18. Kh1 b5 19. Rd1 Bg7 20. Rfd3 Bb7 21. Kg1 Rac8 22. Rd6 Bxc3
23. bxc3 Rxc3 24. Rd7 Be4 25. Ra7 Bxc2 26. Rc1 Rfc8 27. Rf1 R8c7 28. Rxc7 Rxc7
29. Rc1 Bxb3 30. Rxc7 Bxa2 31. Ra7 b4 32. Rxa6 Bd5 33. Rb6 b3 34. Kf2 g5 35. g3
Kg7 36. Ke3 Kf6 {Kerigan,D (2134)-Shimanov,A (2583) Konya 2011 0-1}) (7. e6 $5
$146 {Un peu bizarre puisque les Blancs ont joué Be3 avant Nf3 maic c'est
peut-être jouable} fxe6 8. Nf3 O-O 9. Ng5 Nf6 10. Bc4 d5 11. Bb3 b5 12. O-O
Nc6 13. Qd2 Bd7 14. Rae1 $44) 7... cxd6 {[%emt 0:03:47]} 8. Nf3 {[%emt 0:03:06]
} b5 {[%emt 0:05:59]} 9. Bd3 {[%emt 0:06:28]} Bb7 {[%emt 0:02:08]} 10. Qd2 {
[%emt 0:13:40]} Nf6 {[%emt 0:10:09]} (10... O-O 11. Bh6) 11. a4 {[%emt 0:06:18]
} Nbd7 {[%emt 0:08:46]} 12. axb5 {[%emt 0:04:01]} axb5 {[%emt 0:00:04]} 13. O-O
{[%emt 0:01:12]} b4 {[%emt 0:01:09]} 14. Ne2 {[%emt 0:00:54]} Rb8 {[%emt 0:05:
41]} (14... Bxf3 $5 {Un coup naturel qui donne une position solide au GMI mais
la paire de B peut-être utile dans cette position relativement ouverte.} 15.
gxf3 Nd5 $11) 15. Ne1 {[%emt 0:05:18]} O-O {[%emt 0:01:33]} 16. f4 {[%emt 0:09:
04][%csl Re3]} (16. Ra4 $5 {[%cal Ga4b4]} Nd5 $11) 16... Nd5 {[%emt 0:05:02]}
17. f5 {[%emt 0:02:17]} Nxe3 {[%emt 0:02:25]} 18. Qxe3 {[%emt 0:00:06]} Nf6 {
[%emt 0:01:14]} 19. Nf3 {[%emt 0:01:54]} Nd5 {[%emt 0:02:07]} 20. Qd2 {[%emt 0:
00:26]} Qb6 {[%emt 0:08:07]} 21. Kh1 {[%emt 0:00:44]} (21. Kh2) 21... Nf6 {
[%emt 0:03:38]} (21... b3 22. c4 Nb4 23. Bb1 Ba6 {[%csl Rc4][%cal Gf8c8,Gb8c8]}
(23... Ra8)) 22. Qe3 {[%emt 0:01:41]} Rbe8 {[%emt 0:02:50]} 23. Qf2 {[%emt 0:
07:25]} e6 {[%emt 0:02:18]} 24. fxg6 {[%emt 0:01:41]} fxg6 {[%emt 0:00:38]} 25.
Qh4 {[%emt 0:00:56]} Nh5 {[%emt 0:01:34]} 26. Ng5 {[%emt 0:00:58]} Qd8 {
[%emt 0:04:52]} 27. Qg4 {[%emt 0:02:55]} Nf6 {[%emt 0:03:20]} 28. Qg3 {[%emt 0:
00:35]} Nh5 {[%emt 0:02:00]} 29. Qg4 {[%emt 0:00:10]} Nf6 {[%emt 0:00:53]} 30.
Qg3 {[%emt 0:00:01]} Nh5 {[%emt 0:00:48]} 31. Qg4 {[%emt 0:00:15]} 1/2-1/2

[Event "Bundesliga 1112"]
[Site "Germany"]
[Date "2011.11.19"]
[Round "4.5"]
[White "Schneider, Ilja"]
[Black "Maiwald, Jens Uwe"]
[Result "1-0"]
[WhiteElo "2472"]
[BlackElo "2459"]
[Annotator "RR"]
[PlyCount "81"]
[EventDate "2011.10.14"]
[EventType "team-tourn"]
[EventRounds "15"]
[EventCountry "GER"]
[SourceTitle "CBM 146"]
[Source "ChessBase"]
[SourceDate "2012.01.18"]
[SourceVersion "1"]
[SourceVersionDate "2012.01.18"]
[SourceQuality "1"]
[WhiteTeam "Berlin SF"]
[BlackTeam "Dresden"]
[WhiteTeamCountry "GER"]
[BlackTeamCountry "GER"]

1. d4 d6 2. e4 Nf6 3. Nc3 g6 4. Nge2 Bg7 5. g3 O-O 6. Bg2 e5 7. O-O Nc6 8. dxe5
dxe5 9. Bg5 Qxd1 10. Rfxd1 Nb4 11. a3 Nxc2 12. Bxf6 Bxf6 13. Rac1 Nd4 14. Nxd4
exd4 15. Nd5 Bg7 16. Rxc7 Bg4 17. Rd2 d3 18. Rxd3 Bxb2 19. Rxb7 Bg7 20. Ne7+
Kh8 21. Nc6 a5 22. a4 Bc8 23. Rc7 Be6 24. e5 Rfc8 25. Rxc8+ Rxc8 26. f4 Bf8 27.
Kf2 Rc7 28. Ke3 Bc5+ 29. Kd2 Rb7 30. Bd5 Bf5 31. Rb3 Rd7 32. Rb8+ Kg7 33. Rd8
Rb7 34. Kc3 Bg1 35. Nxa5 Rc7+ 36. Nc4 Bxh2 37. a5 Bxg3 38. Kb4 Bxf4 39. a6 Bg5
40. Rb8 Bh4 $2 (40... Ra7 41. Kb5 Bh4 $14) 41. Rb7 $18 1-0

[Event "ESP-chT CECLUB Honor"]
[Site "Melilla"]
[Date "2011.11.23"]
[Round "4"]
[White "Naiditsch, Arkadij"]
[Black "Mchedlishvili, Mikheil"]
[Result "0-1"]
[WhiteElo "2712"]
[BlackElo "2636"]
[Annotator "RR"]
[PlyCount "126"]
[EventDate "2011.11.21"]
[EventType "team-tourn"]
[EventRounds "7"]
[EventCountry "ESP"]
[SourceTitle "CBM 146"]
[Source "ChessBase"]
[SourceDate "2012.01.18"]
[SourceVersion "1"]
[SourceVersionDate "2012.01.18"]
[SourceQuality "1"]
[WhiteTeam "Colegio Marcote EIKM"]
[BlackTeam "Reverte Albox"]
[WhiteTeamCountry "ESP"]
[BlackTeamCountry "ESP"]

1. e4 d6 2. d4 Nf6 3. Nc3 e5 4. Nge2 c6 5. g3 Be7 6. Bg2 b5 7. O-O Nbd7 8. d5
Qc7 9. dxc6 Qxc6 10. Re1 Bb7 11. Nd5 Nxd5 12. exd5 Qc7 13. a4 bxa4 14. Rxa4 O-O
15. b3 a5 16. Bd2 Nc5 17. Ra3 a4 18. b4 Nd7 19. Nd4 exd4 20. Rxe7 Qd8 21. Re4
Qb6 22. c4 dxc3 23. Bxc3 Ne5 24. Rxa4 Bxd5 25. Rxe5 Bxg2 26. Rea5 Rxa5 27. bxa5
Qc6 28. Qg4 Qxc3 29. Kxg2 Qc6+ 30. f3 Qc2+ 31. Kh3 h5 32. Qe4 Qc8+ 33. Kg2 Re8
34. Qd3 Qc1 35. Ra2 Qc5 36. a6 Ra8 37. Qa3 Qb6 38. a7 d5 39. Qa5 Qb3 40. Qa4
Qb6 41. Qa5 Qb3 42. Qa3 Qb6 43. Qa6 Qb3 44. Qe2 Qb6 45. Ra6 Qc5 46. Qb2 Qc7 47.
Qd4 Qc2+ 48. Qf2 Qc4 49. Qa2 Qc7 50. Qa4 Qb7 51. Ra5 Qb2+ 52. Kh3 Qb6 53. Ra6
Qb7 54. Ra5 Qb6 55. Ra6 Qb7 56. Qa3 d4 57. Kg2 d3 58. Kf2 d2 59. Ke2 $2 (59.
Rd6 d1=N+ 60. Rxd1 $11) 59... Rd8 60. Rd6 Qe7+ 61. Kf2 Rxd6 62. a8=Q+ Kh7 63.
Qc5 d1=Q 0-1

[Event "Sautron op 15th"]
[Site "Sautron"]
[Date "2015.10.24"]
[Round "4.4"]
[White "Bedouin, Xavier"]
[Black "Bailet, Pierre"]
[Result "0-1"]
[WhiteElo "2334"]
[BlackElo "2515"]
[Annotator "RR"]
[PlyCount "86"]
[EventDate "2015.10.24"]
[EventType "swiss"]
[EventRounds "9"]
[EventCountry "FRA"]
[SourceTitle "CBM 169 Extra"]
[Source "ChessBase"]
[SourceDate "2015.12.18"]
[SourceVersion "1"]
[SourceVersionDate "2015.12.18"]
[SourceQuality "1"]
[TimeControl "40/5400+30:1800+30"]
[WhiteClock "0:22:40"]
[BlackClock "0:28:38"]

1. e4 {[%emt 0:00:00]} g6 {[%emt 0:00:22]} 2. d4 {[%emt 0:00:20]} Bg7 {[%emt 0:
00:11]} 3. Nf3 {[%emt 0:00:16]} d6 {[%emt 0:00:32]} 4. c3 {[%emt 0:00:54] Une
suite solide} Nf6 {[%emt 0:00:40]} 5. Bd3 {[%emt 0:00:21]} O-O {[%emt 0:00:21]}
6. O-O {[%emt 0:00:30]} Nc6 {[%emt 0:05:52]} (6... c5) (6... Nbd7) 7. h3 {
[%emt 0:05:09]} (7. Re1 e5 8. h3 Re8 9. d5 $14) (7. d5 Nb8 8. c4 (8. h3)) 7...
e5 {[%emt 0:00:32]} (7... Nd7 $5) 8. dxe5 {[%emt 0:00:39]} Nxe5 {[%emt 0:04:37]
} (8... dxe5 {Plus courant} 9. Na3 h6 10. Re1 Nh5 11. Bf1 Qf6 {[%cal Gc8h3,
Gh5f4]} 12. g3 Rd8 $132 {Pakleza,Z (2515)-Heberla,B (2556) POL-chT Poland 2015
(4.5) 1-0}) 9. Nxe5 {[%emt 0:00:34]} dxe5 {[%emt 0:00:07]} 10. Qe2 {[%emt 0:00:
56]} (10. Qf3) (10. Bg5) 10... Nh5 {[%emt 0:06:49][%csl Gf4]} (10... c6) 11.
Na3 $146 {[%emt 0:05:11]} (11. Bc4 Qh4 12. Na3 a6 13. Nc2 Kh8 14. Ne1 h6 15.
Nf3 Qe7 16. Re1 Bd7 17. Bd2 Rfd8 18. Rad1 Ba4 19. b3 Be8 20. Bc1 b5 21. Bd3 c5
22. Bc2 Bc6 23. Rxd8+ Rxd8 24. g3 Nf6 25. Kh2 Kg8 26. Nh4 Qc7 27. Qe3 Bf8 28.
Nf3 Bb7 29. Ng1 a5 30. f3 c4 31. Rd1 Rxd1 32. Bxd1 cxb3 33. axb3 Qc6 34. Qd3
Nd7 35. Be3 a4 36. b4 g5 37. Bc2 Nb6 38. Bxb6 Qxb6 39. Kg2 Bc8 40. Bb1 Be6 {
Nun,J (2382)-Krasenkow,M (2647) Germany 2006 0-1}) 11... Qe7 {[%emt 0:07:58]}
12. Bc4 {[%emt 0:03:42]} (12. Nc4 Bd7 13. Ne3 Nf4 $132 14. Qf3 Qf6 (14... Rad8
15. Nd5 Nxd5 16. exd5 f5 17. Bc4 Qc5 18. Bb3 Kh8 $11) 15. Ng4) 12... Bd7 {
[%emt 0:07:54]} 13. Rd1 {[%emt 0:08:56]} Rad8 $32 {[%emt 0:04:32]} 14. Nc2 {
[%emt 0:09:29] Ce plan est un peu trop lent} Bc8 $1 $11 {[%emt 0:08:38]} 15.
Be3 {[%emt 0:02:17]} Nf4 $132 {[%emt 0:06:09] Les pièces Noires sont
nettement mieux coordonnées} 16. Qf3 {[%emt 0:04:28]} Qf6 {[%emt 0:06:02]} 17.
Kh2 {[%emt 0:00:25]} a5 {[%emt 0:03:04]} 18. a4 {[%emt 0:11:35]} (18. Bf1) (18.
Bc5 Rxd1 19. Rxd1 Rd8 20. Bf1 {[%cal Gc2e3]}) 18... h5 {[%emt 0:03:16]} 19. Bc5
$1 {[%emt 0:20:28] Après une longue réflexion, les Blancs trouvent un bon
coup pour résoudre un peu les problèmes de développement} Rxd1 {[%emt 0:05:
05]} 20. Rxd1 {[%emt 0:02:31]} Rd8 $1 {[%emt 0:01:49]} 21. Rxd8+ {[%emt 0:07:
49]} Qxd8 {[%emt 0:00:09]} 22. Be3 {[%emt 0:00:39]} Qe7 $1 {[%emt 0:05:03]} 23.
Qd1 {[%emt 0:02:42]} (23. Bxf4 exf4 24. Qxf4 Be5) 23... Bd7 $1 {[%emt 0:03:33]
[%csl Ra4] Un coup simple mais pas si facile à parer pour les Blancs} 24. Bb5
{[%emt 0:03:35]} Be6 $1 {[%emt 0:03:00][%csl Rb5][%cal Gc7c6,Ge6b3]} 25. Na3 {
[%emt 0:01:16] La nouveauté Na3 n'était pas très heureuse et sans être en
danger, les Blancs ont des petits problèmes pour garder l'égalité} Kh7 {
[%emt 0:02:52]} 26. Bf1 $1 {[%emt 0:00:45][%cal Gf1h3,Gg2g3]} Bd7 {[%emt 0:01:
34]} 27. g3 {[%emt 0:01:19]} Ne6 {[%emt 0:00:17]} 28. h4 {[%emt 0:00:43]} (28.
Nb5 $5 c6 29. Nd6 Bf8 30. Nc4) 28... Bc6 {[%emt 0:00:29]} 29. f3 {[%emt 0:01:
02]} Bh6 $1 {[%emt 0:05:32] Après le coup f3, cet échange est
particulièrement avantageux pour les Noirs} 30. Bxh6 {[%emt 0:01:27]} (30. Bf2
Qd7 {[%csl Ra4]} 31. Qxd7 Bxd7 32. Bb5) 30... Kxh6 {[%emt 0:00:05]} 31. Bb5 {
[%emt 0:01:11]} Qc5 {[%emt 0:01:35]} 32. Qd2+ {[%emt 0:03:03]} Kg7 {[%emt 0:00:
18]} 33. Kg2 {[%emt 0:00:55]} Bxb5 $1 {[%emt 0:01:58]} 34. Nxb5 {[%emt 0:01:06]
} Qc4 {[%emt 0:00:38]} 35. Qd1 {[%emt 0:00:17]} Nc5 $36 {[%emt 0:02:17][%csl
Ra4,Rb5,Gc5][%cal Gc5a4,Gc5d3,Gc5b3]} 36. Nxc7 {[%emt 0:00:24]} Nxa4 {[%emt 0:
01:53]} 37. Ne8+ {[%emt 0:00:51]} Kf8 {[%emt 0:00:16]} 38. Nd6 {[%emt 0:00:21]}
Qc6 $17 {[%emt 0:01:20]} 39. Qb3 {[%emt 0:00:42]} Qxd6 {[%emt 0:00:33]} 40.
Qxa4 {[%emt 0:00:00]} Qd2+ {[%emt 0:00:00]} 41. Kh3 {[%emt 0:06:59]} Qc1 {
[%emt 0:03:06]} 42. Qa3+ {[%emt 0:00:35]} Kg7 {[%emt 0:00:23]} 43. g4 $2 {
[%emt 0:02:28]} hxg4+ {[%emt 0:01:31]} (43... hxg4+ 44. fxg4 Qf1+ (44... Qf4
45. Qxa5 Qf3+ 46. Kh2) 45. Kg3 Qf4+ 46. Kh3 Qf3+ 47. Kh2 Qxg4 {[%cal Gg4h4]}
48. Qxa5 Qxh4+ {[%cal Gg6g3]} 49. Kg2 Qg5+ 50. Kf2 Qf4+ 51. Ke2 g5) 0-1